Estadísticas para Puentes de Sevilla

Haz click aquí para intentar la prueba.

Estadísticas generales

  • Esta prueba ha sido intentada 29 veces
  • La puntuación promedio es 5 de 11

Estadísticas de respuestas

Respuesta% Correcto
Puente de la Barqueta
82%
Puente del Alamillo
77%
Puente del Centenario
73%
Puente del Cristo de la Expiración
59%
Puente de San Telmo
59%
Puente de San Bernardo
45%
Puente de Los Remedios
36%
Puente de Isabel II (Triana)
32%
Puente de Las Delicias
32%
Pasarela de La Cartuja
27%
Pasarela de San Jerónimo
18%

Distribución de puntuación

Porcentaje por número respondido

Porcentaje de gente con cada puntuación

Historial de tus puntuaciones

No has intentado esta prueba.